000 00954cab a2200265 4500
001 ABS55001
008 090401t1996 xxu||||| |||| 00| 0 eng d
035 _a(Sirsi) u13545
041 _aeng
245 _aRoyal Commission puts soil on the map
260 _c1996
350 _a0
490 _aENDS Report
_v(254) March 1996, 23-26(4)
520 _aIn the light of diminishing world grain production due to land use changes this article examines recommendations made by the Royal Commission on Environmental Pollution for a soil protection policy in the UK, its main aim to prevent the conversion of rural land to urban use. Table on land and soil facts.
650 _aFARMLAND
650 _aGRAIN PRODUCTION
650 _aROYAL COMMISSION ON ENVIRONMENTAL POLLUTION
650 _aSOIL PROTECTION POLICY
650 _aSOILS
650 _aURBANISATION
650 _aWASTE DISPOSAL
690 _aLAND
942 _n0
948 _c04/03/1997
999 _c8724
_d8724